| 000 | 00457nam a22001697a 4500 | ||
|---|---|---|---|
| 003 | OSt | ||
| 005 | 20260223120914.0 | ||
| 008 | 241102b |||||||| |||| 00| 0 eng d | ||
| 020 | _a9780443111051 | ||
| 040 |
_aSRHU _bEnglish _cSRHU |
||
| 082 |
_223rd _a616.0472 |
||
| 245 |
_a Atlas of Common Pain Syndromes _c Waldman, Steven D _hEnglish |
||
| 250 | _a5th | ||
| 260 |
_aPhildelephia _bElsevier _c2024 |
||
| 300 |
_aX,736p _c28cm |
||
| 942 |
_2ddc _cPT _e5th |
||
| 999 |
_c19183 _d19183 |
||